| 000 | 00748nam a22001937a 4500 | ||
|---|---|---|---|
| 003 | 0 | ||
| 005 | 20250822133112.0 | ||
| 008 | 250822b xxu||||| |||| 00| 0 eng d | ||
| 020 | _a978-1-032-37252-5 | ||
| 050 |
_aRJ 506.A9 _b.I47 2025 |
||
| 245 |
_aImproving mental health therapies for autistic children and young people : _bpromoting self-agency, curiosity and collaboration / _cedited by Georgia Pavlopoulou with Laura Crane, Russell Hurn and Damian Milton. |
||
| 260 |
_aNew York, NY : _bRoutledge, _c2025. |
||
| 300 |
_axxix, 214 pages : _billustrations ; _c22 cm. |
||
| 504 | _aIncludes bibliographical references and index. | ||
| 650 |
_aAutism Spectrum Disorder _xtherapy. |
||
| 650 | _aChild. | ||
| 650 | _aAdolescent. | ||
| 942 |
_2lcc _cBK |
||
| 999 |
_c367571 _d367571 |
||